| 000 | 00597nam a2200181 i 4500 | ||
|---|---|---|---|
| 001 | bg | ||
| 245 | 0 |
_aMechanics of inelastic media and structures : _bproceedings on the International Symposium held in Warsaw, September 8-13, 1978 / _cedts O. Mahrenholtz and A. Sawczuk. |
|
| 260 |
_aWarszawa : _bPWN, _c1982. |
||
| 490 | 1 | _aBiblioteka Mechaniki Stosowanej | |
| 700 | 1 |
_aMahrenholtz, O. _eRed. |
|
| 700 | 1 |
_aSawczuk, O. _eRed. |
|
| 830 | _aBiblioteka Mechaniki Stosowanej | ||
| 040 | _cBPK | ||
| 041 | _apol | ||
| 080 | _a539.3/.6 | ||
| 942 | _cKS | ||
| 008 | s pl f |000 0 pol | ||
| 999 |
_c21822 _d21822 |
||
| 856 |
_uhttp://koha.tu.koszalin.pl/cgi-bin/koha/opac-detail.pl?biblionumber=21822 _yKatalog online BPK |
||